A textbook of spectroscopy / (Record no. 1712)

MARC details
000 -LEADER
fixed length control field 00554nam a22002177a 4500
001 - CONTROL NUMBER
control field BD-DhSAU 1712
003 - CONTROL NUMBER IDENTIFIER
control field BD-DhSAU
005 - DATE AND TIME OF LATEST TRANSACTION
control field 20150523183428.0
008 - FIXED-LENGTH DATA ELEMENTS--GENERAL INFORMATION
fixed length control field 150120b1990 ii a||||r|||| 000 0 eng d
020 ## - INTERNATIONAL STANDARD BOOK NUMBER
International Standard Book Number 8170413508
040 ## - CATALOGING SOURCE
Original cataloging agency BD-DhSAU
082 ## - DEWEY DECIMAL CLASSIFICATION NUMBER
Edition number 22
Classification number 543.0858
Item number TYT
100 ## - MAIN ENTRY--PERSONAL NAME
Personal name Tyagi, O.D.
245 ## - TITLE STATEMENT
Title A textbook of spectroscopy /
Statement of responsibility, etc. O.D. Tyagi and M. Yadav.
260 ## - PUBLICATION, DISTRIBUTION, ETC. (IMPRINT)
Place of publication, distribution, etc. India :
Name of publisher, distributor, etc. Anmol Publications ;
Date of publication, distribution, etc. c1990.
300 ## - PHYSICAL DESCRIPTION
Extent ii, 376 p. :
590 ## - Name of Cataloguer
Name of Cataloger joy
650 ## - SUBJECT ADDED ENTRY--TOPICAL TERM
Topical term or geographic name as entry element Statistics.
650 ## - SUBJECT ADDED ENTRY--TOPICAL TERM
Topical term or geographic name as entry element Spectroscopy.
942 ## - ADDED ENTRY ELEMENTS (KOHA)
Source of classification or shelving scheme Dewey Decimal Classification
Koha item type Book
Holdings
Withdrawn status Lost status Source of classification or shelving scheme Damaged status Not for loan Home library Branch Name Shelving location Date acquired Total Checkouts Full call number Barcode Date last seen Price effective from Koha item type Collection code
    Dewey Decimal Classification     SAU Library SAU Library General Stacks 24/06/1992   543.0858 TYT 19847d 20/01/2015 20/01/2015 Book  
    Dewey Decimal Classification     SAU Library SAU Library General Stacks 27/05/1998   543.0858 TYT 27556 02/02/2015 02/02/2015 Book  
    Dewey Decimal Classification   Not For Loan SAU Library SAU Library Reference 24/06/1992   543.0858 TYT 19846 08/05/2015 08/05/2015 Book  
    Dewey Decimal Classification   Not For Loan SAU Library SAU Library Reference 27/05/1998   543.0858 TYT 27555 23/05/2015 23/05/2015 Book Reference